[Event "Wch Seniors 50 (Women) 27th"]
[Site "Acqui Terme"]
[Date "2017.11.17"]
[Round "8"]
[White "Liu, Shilan"]
[Black "Burchardt, Brigitte"]
[Result "0-1"]
[WhiteElo "2054"]
[BlackElo "2173"]
[PlyCount "88"]
[EventDate "2017.11.07"]
[EventType "swiss"]
[EventRounds "9"]
[EventCountry "ITA"]
[SourceTitle "CBM 181 Extra"]
[Source "ChessBase"]
[SourceDate "2017.12.12"]
[SourceVersion "1"]
[SourceVersionDate "2017.12.12"]
[SourceQuality "1"]

1. e4 c5 2. Nf3 d6 3. d4 cxd4 4. Nxd4 Nf6 5. Nc3 a6 6. Be2 e5 7. Nf3 Be7 8. Bg5 Nbd7 9. Nd2 0-0 10. a4 Nc5 11. Bxf6 Bxf6 12. Nc4 Be7 13. b4 Nxe4 14. Nd5 Be6 15. Ra3 Bxd5 16. Qxd5 Nf6 17. Qd2 d5 18. Nxe5 a5 19. c3 Ne4 20. Qd4 Qd6 21. 0-0 Bf6 22. f4 Rfe8 23. Kh1 Rxe5 24. fxe5 Bxe5 25. Qg1 Bxh2 26. Qxh2 Ng3+ 27. Qxg3 Qxg3 28. Bf3 Ra6 29. Raa1 g5 30. Rae1 g4 31. Re8+ Kg7 32. Bxd5 Rh6+ 33. Kg1 Qh2+ 34. Kf2 Rf6+ 35. Ke2 Rxf1 36. Kxf1 Qf4+ 37. Ke2 axb4 38. Re4 Qf5 39. c4 b3 40. Kd3 b2 41. Kc2 Qf2+ 42. Kb1 Qd2 43. Rxg4+ Kf8 44. Be4 Qd1+ 0-1

[Event "Wch Seniors 50 (Women) 27th"]
[Site "Acqui Terme"]
[Date "2017.11.11"]
[Round "4"]
[White "Birkholz, Olga"]
[Black "Liu, Shilan"]
[Result "0-1"]
[WhiteElo "2077"]
[BlackElo "2054"]
[PlyCount "146"]
[EventDate "2017.11.07"]
[EventType "swiss"]
[EventRounds "9"]
[EventCountry "ITA"]
[SourceTitle "CBM 181 Extra"]
[Source "ChessBase"]
[SourceDate "2017.12.12"]
[SourceVersion "1"]
[SourceVersionDate "2017.12.12"]
[SourceQuality "1"]

1. g3 d5 2. Bg2 Nf6 3. b3 c5 4. Bb2 e6 5. Nf3 Nc6 6. 0-0 Be7 7. d3 0-0 8. Nbd2 b6 9. Re1 Bb7 10. Nf1 Qc7 11. e3 Rad8 12. N3d2 e5 13. g4 d4 14. e4 Bc8 15. h3 Ne8 16. Ng3 g6 17. Nf3 f6 18. Bc1 Rf7 19. Bh6 Nd6 20. Bd2 Be6 21. a4 Rc8 22. Qe2 Qd8 23. Nh2 Nb4 24. Rec1 Ne8 25. Nf3 Bf8 26. g5 Bg7 27. Qe1 a5 28. Qe2 Nc7 29. gxf6 Bxf6 30. Kh2 h5 31. Bxb4 cxb4 32. Qd2 Kh7 33. Rg1 h4 34. Ne2 Ne8 35. Bh1 Ng7 36. Rg5 Rxc2 37. Qxc2 Bxg5 38. Rg1 Bh6 39. Bg2 Rc7 40. Qd1 Qf6 41. Rf1 Nh5 42. Kg1 Nf4 43. Nxf4 Bxf4 44. Nd2 Bxd2 45. Qxd2 Qf4 46. Qxf4 exf4 47. e5 Rc3 48. Be4 Bxh3 49. Re1 Be6 50. Kg2 Rxb3 51. Kf3 Kh6 52. Kxf4 g5+ 53. Kf3 Rc3 54. Bb7 b3 55. Ke4 b2 56. Rb1 Rc2 57. Bd5 Bxd5+ 58. Kxd5 Kg6 59. Kd6 h3 60. e6 Re2 61. f4 gxf4 62. Rf1 b1Q 63. Rxb1 Kf6 64. Rh1 Rxe6+ 65. Kd5 Re3 66. Kxd4 Kf5 67. Rb1 h2 68. Kc4 Rh3 69. d4 h1Q 70. Rxh1 Rxh1 71. Kb5 Rb1+ 72. Kc6 f3 73. d5 f2 0-1

[Event "CHN-chT"]
[Site "China"]
[Date "2017.07.27"]
[Round "9.4"]
[White "Tan, Zhongyi"]
[Black "Liu, Shilan"]
[Result "1-0"]
[WhiteElo "2508"]
[BlackElo "2255"]
[PlyCount "81"]
[EventDate "2017.04.18"]
[EventType "team-tourn"]
[EventRounds "22"]
[EventCountry "CHN"]
[SourceTitle "EXT 2018"]
[Source "ChessBase"]
[SourceDate "2017.10.13"]
[SourceVersion "1"]
[SourceVersionDate "2017.10.13"]
[SourceQuality "1"]
[WhiteTeam "Chongqing"]
[BlackTeam "Shenzhen"]
[WhiteTeamCountry "CHN"]
[BlackTeamCountry "CHN"]

1. c4 Nf6 2. Nf3 e6 3. Nc3 c5 4. d4 cxd4 5. Nxd4 Nc6 6. a3 Be7 7. e4 d6 8. Be2 0-0 9. Nb3 b6 10. 0-0 Bb7 11. Be3 Rc8 12. f4 Nb8 13. Bd3 Nbd7 14. Qe2 Nc5 15. Nxc5 bxc5 16. Rad1 Qc7 17. Rf3 Nd7 18. Rg3 Rfd8 19. Bb1 Nf8 20. f5 Bf6 21. Nb5 Qe7 22. Bf4 e5 23. Bc1 a6 24. Nc3 Nd7 25. Rh3 Bc6 26. Rhd3 Nb6 27. b3 Rb8 28. Bc2 Nc8 29. Rf1 Rd7 30. Rh3 g6 31. Qe3 g5 32. Rh6 Bg7 33. f6 Bxh6 34. fxe7 Rxe7 35. Nd5 Re6 36. Nf6+ Kh8 37. h4 Ne7 38. hxg5 Bg7 39. Qh3 Bxf6 40. gxf6 Ng6 41. Rf5 1-0

[Event "CHN Team (Women)"]
[Site "Beijing"]
[Date "2017.06.14"]
[Round "9.3"]
[White "Liu, Xianglin"]
[Black "Liu, Shilan"]
[Result "1-0"]
[WhiteElo "2199"]
[BlackElo "2137"]
[PlyCount "75"]
[EventDate "2017.06.06"]
[EventType "team-swiss"]
[EventRounds "9"]
[EventCountry "CHN"]
[SourceTitle "CBM 178 Extra"]
[Source "ChessBase"]
[SourceDate "2017.06.22"]
[SourceVersion "1"]
[SourceVersionDate "2017.06.22"]
[SourceQuality "1"]
[WhiteTeam "Beijing (W)"]
[BlackTeam "Shenzhen (W)"]
[WhiteTeamCountry "CHN"]
[BlackTeamCountry "CHN"]

1. d4 Nf6 2. Nf3 e6 3. g3 d5 4. Bg2 c5 5. 0-0 cxd4 6. Nxd4 Nc6 7. c4 Bc5 8. Nxc6 bxc6 9. Qc2 Bb6 10. Nc3 0-0 11. e4 Ba6 12. b3 dxc4 13. Rd1 cxb3 14. axb3 Qc8 15. e5 Ng4 16. Ne4 Bb5 17. Bb2 Qc7 18. Rd6 Rad8 19. h3 f5 20. Rxd8 Rxd8 21. Nc5 Qe7 22. b4 Nh6 23. Rc1 Nf7 24. Qb3 a5 25. Nxe6 a4 26. Qa2 Rd2 27. Nc5 Kf8 28. Qa1 Nd8 29. Bc3 Re2 30. Bf3 Bxc5 31. bxc5 Ne6 32. Bxe2 Bxe2 33. Qxa4 Bf3 34. Ra1 Kf7 35. Qa8 Nxc5 36. Ra7 Nd7 37. Qc8 Ke6 38. Qg8+ 1-0

[Event "CHN Team (Women)"]
[Site "Beijing"]
[Date "2017.06.11"]
[Round "6.5"]
[White "Zhao, Shengxin"]
[Black "Liu, Shilan"]
[Result "1/2-1/2"]
[WhiteElo "2112"]
[BlackElo "2137"]
[PlyCount "52"]
[EventDate "2017.06.06"]
[EventType "team-swiss"]
[EventRounds "9"]
[EventCountry "CHN"]
[SourceTitle "CBM 178 Extra"]
[Source "ChessBase"]
[SourceDate "2017.06.22"]
[SourceVersion "1"]
[SourceVersionDate "2017.06.22"]
[SourceQuality "1"]
[WhiteTeam "Hangzhou (W)"]
[BlackTeam "Shenzhen (W)"]
[WhiteTeamCountry "CHN"]
[BlackTeamCountry "CHN"]

1. d4 Nf6 2. c4 e6 3. g3 d5 4. Bg2 Bb4+ 5. Nd2 0-0 6. Ngf3 b6 7. cxd5 exd5 8. 0-0 Bb7 9. Ne5 Nbd7 10. Ndf3 Bd6 11. Bg5 Re8 12. Nxd7 Qxd7 13. Bxf6 gxf6 14. Nh4 Kh8 15. e3 Rg8 16. Qf3 Qe6 17. Rfd1 Rg5 18. Bf1 Rag8 19. Bd3 Bc8 20. Rac1 R8g7 21. Ng2 Qh3 22. Qxf6 Rh5 23. Qd8+ Rg8 24. Qf6+ Rg7 25. Qd8+ Rg8 26. Qf6+ Rg7 1/2-1/2

[Event "CHN-chT"]
[Site "China"]
[Date "2017.05.24"]
[Round "6.2"]
[White "Xiao, Yiyi"]
[Black "Liu, Shilan"]
[Result "1-0"]
[WhiteElo "2290"]
[BlackElo "2255"]
[PlyCount "111"]
[EventDate "2017.04.18"]
[EventType "team-tourn"]
[EventRounds "22"]
[EventCountry "CHN"]
[SourceTitle "EXT 2018"]
[Source "ChessBase"]
[SourceDate "2017.10.13"]
[SourceVersion "1"]
[SourceVersionDate "2017.10.13"]
[SourceQuality "1"]
[WhiteTeam "Tianjin"]
[BlackTeam "Shenzhen"]
[WhiteTeamCountry "CHN"]
[BlackTeamCountry "CHN"]

1. Nf3 Nf6 2. g3 c5 3. Bg2 d5 4. c4 Nc6 5. cxd5 Nxd5 6. 0-0 e6 7. d4 Be7 8. Nc3 cxd4 9. Nxd5 exd5 10. Nxd4 0-0 11. Be3 Bf6 12. Rc1 Bxd4 13. Bxd4 Be6 14. e3 Qd7 15. Bc3 Rfd8 16. Qh5 f6 17. Rfd1 Qf7 18. Qxf7+ Kxf7 19. a3 Rd7 20. b4 a6 21. Bf3 Rc8 22. Bb2 Ne7 23. Bd4 Rxc1 24. Rxc1 Nc6 25. Bc5 Ne5 26. Be2 Nc4 27. a4 Bf5 28. Kg2 Nb2 29. g4 Be4+ 30. f3 Bd3 31. Bxd3 Nxd3 32. Rc3 Nb2 33. Ra3 Nc4 34. Ra1 g6 35. Kg3 Ke6 36. h4 h5 37. a5 f5 38. gxh5 gxh5 39. Bd4 Ne5 40. Kf4 Nd3+ 41. Kg5 f4 42. Ra3 Nxb4 43. exf4 Nc2 44. f5+ Kd6 45. Rd3 Nxd4 46. Rxd4 Ke5 47. Rd1 Rg7+ 48. Kxh5 Rg3 49. Rd3 Kxf5 50. Rxd5+ Kf6 51. Rd6+ Kf5 52. Rd7 Ke5 53. Rxb7 Rxf3 54. Rb6 Ra3 55. Rxa6 Kf5 56. Kh6 1-0

[Event "Asian Continental op (Women) 16th"]
[Site "Chengdu"]
[Date "2017.05.12"]
[Round "1"]
[White "Liu, Shilan"]
[Black "Wen, Yili"]
[Result "0-1"]
[WhiteElo "2234"]
[BlackElo "1723"]
[PlyCount "108"]
[EventDate "2017.05.12"]
[EventType "swiss"]
[EventRounds "9"]
[EventCountry "CHN"]
[SourceTitle "CBM 178 Extra"]
[Source "ChessBase"]
[SourceDate "2017.06.22"]
[SourceVersion "1"]
[SourceVersionDate "2017.06.22"]
[SourceQuality "1"]

1. e4 e5 2. Nf3 Nc6 3. Bb5 a6 4. Ba4 Nf6 5. d3 b5 6. Bb3 Be7 7. 0-0 d6 8. a4 b4 9. Nbd2 Na5 10. Ba2 c5 11. Nc4 0-0 12. Bg5 h6 13. Bxf6 Bxf6 14. Nxa5 Qxa5 15. Nd2 Qc7 16. Bd5 Ra7 17. c3 bxc3 18. bxc3 Bb7 19. Qb3 Bg5 20. Nf3 Bxd5 21. Qxd5 Be7 22. Nd2 Rb7 23. Nc4 Rfb8 24. g3 Rb3 25. Rfc1 g6 26. d4 exd4 27. cxd4 Rd3 28. Rd1 Rxd4 29. Rxd4 cxd4 30. Qxd4 Rb4 31. Rc1 Rxa4 32. Qd3 Qc5 33. Rc2 Qb4 34. Kg2 Qb5 35. f3 a5 36. Qc3 Rb4 37. Ne3 Rb1 38. Qd4 Bf8 39. Rf2 Qe5 40. Qa4 Ra1 41. Qd7 a4 42. Rc2 Qe7 43. Qb5 a3 44. Rc8 Ra2+ 45. Nc2 Rb2 46. Qa4 a2 47. Qa8 Kg7 48. g4 Kh7 49. Rxf8 Rxc2+ 50. Kh3 Qxf8 51. Qxf8 a1Q 52. Qxf7+ Qg7 53. Qd5 Qe7 54. Qd3 Qc7 0-1

[Event "CHN-chT"]
[Site "China"]
[Date "2017.04.20"]
[Round "3.4"]
[White "Liu, Shilan"]
[Black "Zhang, Xiaowen"]
[Result "0-1"]
[WhiteElo "2255"]
[BlackElo "2345"]
[PlyCount "145"]
[EventDate "2017.04.18"]
[EventType "team-tourn"]
[EventRounds "22"]
[EventCountry "CHN"]
[SourceTitle "CBM 177 Extra"]
[Source "ChessBase"]
[SourceDate "2017.04.27"]
[SourceVersion "1"]
[SourceVersionDate "2017.04.27"]
[SourceQuality "1"]
[WhiteTeam "Shenzhen"]
[BlackTeam "Shandong"]
[WhiteTeamCountry "CHN"]
[BlackTeamCountry "CHN"]

1. e4 g6 2. d4 Bg7 3. Nf3 d6 4. Be3 Nf6 5. Bd3 0-0 6. c3 Nc6 7. 0-0 e5 8. dxe5 dxe5 9. Qe2 h6 10. Bc5 Re8 11. Rd1 Nh5 12. g3 Bg4 13. Nbd2 Qf6 14. Kg2 Rad8 15. Nf1 b6 16. Ba3 Bc8 17. Bb5 Qe6 18. Ng1 Bb7 19. Ne3 Nf6 20. f3 Bf8 21. Bxf8 Rxf8 22. Qc4 Qxc4 23. Nxc4 Nd7 24. Rd2 a6 25. Bxc6 Bxc6 26. Rad1 f6 27. Nh3 Kf7 28. Nf2 Ke7 29. Ng4 h5 30. Nge3 Nc5 31. Nd5+ Bxd5 32. exd5 Nb7 33. Ne3 f5 34. Nc4 Kf6 35. f4 e4 36. h4 Nd6 37. Ne3 a5 38. c4 Rd7 39. b3 Ra8 40. Kf2 Nb7 41. Ke2 Rd6 42. Nc2 Nc5 43. Ke3 Nd3 44. Nd4 a4 45. Nb5 Rd7 46. Rxd3 exd3 47. b4 Re8+ 48. Kxd3 Rde7 49. Kc3 Rc8 50. Na7 Rce8 51. Nb5 Rd8 52. Rd3 Rdd7 53. c5 bxc5 54. bxc5 Rd8 55. c6 Rc8 56. Kc4 Re2 57. Nc3 Re1 58. Kb4 Rb8+ 59. Ka3 Ke7 60. d6+ cxd6 61. c7 Rc8 62. Nd5+ Kf7 63. Kxa4 Rb1 64. Rb3 Rc1 65. Rb5 Ke6 66. Ka5 Rc5 67. Rxc5 dxc5 68. Kb6 Kxd5 69. a4 c4 70. a5 c3 71. Kb7 Rxc7+ 72. Kxc7 c2 73. a6 0-1

[Event "Wch Seniors 50 (Women) 26th"]
[Site "Marianske Lazne"]
[Date "2016.11.29"]
[Round "10"]
[White "Makropoulou, Marina"]
[Black "Liu, Shilan"]
[Result "0-1"]
[WhiteElo "2119"]
[BlackElo "2249"]
[PlyCount "120"]
[EventDate "2016.11.19"]
[EventType "swiss"]
[EventRounds "11"]
[EventCountry "CZE"]
[SourceTitle "CBM 175 Extra"]
[Source "ChessBase"]
[SourceDate "2016.12.12"]
[SourceVersion "1"]
[SourceVersionDate "2016.12.12"]
[SourceQuality "1"]

1. e4 c5 2. Nf3 d6 3. Bb5+ Bd7 4. Bxd7+ Qxd7 5. 0-0 Nf6 6. e5 dxe5 7. Nxe5 Qc7 8. Re1 Nc6 9. Nxc6 Qxc6 10. d4 Rd8 11. c3 e6 12. Be3 Be7 13. Qe2 0-0 14. Nd2 Nd5 15. Nf3 Nxe3 16. Qxe3 cxd4 17. Nxd4 Qb6 18. Qe2 Bf6 19. Nf3 Rd5 20. Rad1 Rfd8 21. Rxd5 Rxd5 22. Qc2 h6 23. Nd2 Be7 24. a3 a6 25. Ne4 Qc6 26. Ng3 Qd7 27. Nf1 b5 28. Qe4 Bc5 29. g3 Qd6 30. Kg2 g6 31. Ne3 Rd2 32. Ng4 f5 33. Qa8+ Qd8 34. Qxd8+ Rxd8 35. Ne5 Rd2 36. Rf1 Rxb2 37. Nxg6 Rc2 38. Nf4 Rxc3 39. Nxe6 Bxa3 40. Rd1 Kf7 41. Nf4 Rc7 42. Rd5 Rc5 43. Rd7+ Ke8 44. Rd6 a5 45. Rxh6 b4 46. Rb6 Bc1 47. Ne6 Re5 48. Nd4 Bb2 49. Nc6 Rc5 50. Kf3 Bc3 51. Ke2 Kd7 52. Na7 a4 53. Nb5 Bh8 54. Na7 b3 55. Rb7+ Ke6 56. Nb5 Rxb5 57. Rxb5 b2 58. Kd1 a3 59. Rb6+ Kd5 60. Kc2 a2 0-1

[Event "Wch Seniors 50 (Women) 26th"]
[Site "Marianske Lazne"]
[Date "2016.11.27"]
[Round "8"]
[White "Burchardt, Brigitte"]
[Black "Liu, Shilan"]
[Result "0-1"]
[WhiteElo "2204"]
[BlackElo "2249"]
[PlyCount "120"]
[EventDate "2016.11.19"]
[EventType "swiss"]
[EventRounds "11"]
[EventCountry "CZE"]
[SourceTitle "CBM 175 Extra"]
[Source "ChessBase"]
[SourceDate "2016.12.12"]
[SourceVersion "1"]
[SourceVersionDate "2016.12.12"]
[SourceQuality "1"]

1. e4 c5 2. Nc3 Nc6 3. g3 g6 4. Bg2 Bg7 5. d3 d6 6. Be3 Rb8 7. a4 a6 8. Nf3 Nd4 9. Qd2 b5 10. axb5 axb5 11. Bxd4 cxd4 12. Ne2 e5 13. 0-0 Nf6 14. Qb4 0-0 15. c3 dxc3 16. bxc3 Qc7 17. Ra5 Bd7 18. Rfa1 Rb7 19. Nd2 Rfb8 20. d4 Bf8 21. d5 h5 22. h3 Ne8 23. Nc1 Bh6 24. R5a2 Rc8 25. Ne2 Qd8 26. Qb2 h4 27. g4 Rcb8 28. Ra7 Bg5 29. Rxb7 Rxb7 30. Nf3 Be7 31. Nc1 f5 32. gxf5 gxf5 33. exf5 Bxf5 34. Qa2 Bf6 35. Nd2 Rg7 36. Kh2 e4 37. f4 Bxc3 38. Rb1 Bxd2 39. Qxd2 e3 40. Qb2 Bxb1 41. Qxb1 Nc7 42. Ne2 Qe7 43. Bf3 Qf6 44. Qb3 Re7 45. Qb4 Kf8 46. Qa3 Ne8 47. Bh5 Re4 48. Qd3 Rxf4 49. Qxe3 Rf2+ 50. Kg1 Rf1+ 51. Kg2 Ng7 52. Bg4 Re1 53. Bf3 Nf5 54. Qd2 Ra1 55. Nf4 Rb1 56. Ne2 Qe5 57. Qa5 Rb2 58. Qd8+ Kg7 59. Qg5+ Kh7 60. Kf2 Qg3+ 0-1

[Event "Wch Seniors 50 (Women) 26th"]
[Site "Marianske Lazne"]
[Date "2016.11.20"]
[Round "2"]
[White "Wagner Michel, Annett"]
[Black "Liu, Shilan"]
[Result "1-0"]
[WhiteElo "2130"]
[BlackElo "2249"]
[PlyCount "93"]
[EventDate "2016.11.19"]
[EventType "swiss"]
[EventRounds "11"]
[EventCountry "CZE"]
[SourceTitle "CBM 175 Extra"]
[Source "ChessBase"]
[SourceDate "2016.12.12"]
[SourceVersion "1"]
[SourceVersionDate "2016.12.12"]
[SourceQuality "1"]

1. e4 c5 2. Nf3 d6 3. Bb5+ Bd7 4. Bxd7+ Qxd7 5. 0-0 Nc6 6. d4 cxd4 7. Nxd4 Nf6 8. Nc3 g6 9. f3 Bg7 10. Be3 0-0 11. Qd2 Rfc8 12. Rad1 Nxd4 13. Bxd4 b5 14. Rf2 e6 15. Qg5 h6 16. Qxb5 Qe7 17. Qa6 Ne8 18. Rfd2 Bxd4+ 19. Rxd4 Rab8 20. R1d2 Rc5 21. Nd1 Qc7 22. Qe2 Qb6 23. Qf2 Rbc8 24. c3 h5 25. Ne3 R5c6 26. Rb4 Qc7 27. Nc2 a5 28. Rb5 Nf6 29. Qd4 Nd7 30. Ne3 Ra8 31. Nc2 Nc5 32. g3 e5 33. Qd5 Ne6 34. Kg2 Raa6 35. Qb3 Qe7 36. Ne3 Qg5 37. Kf2 h4 38. Rd1 Kg7 39. Rg1 Nc5 40. Qd5 h3 41. Rb8 Rc7 42. f4 Qe7 43. f5 Nd7 44. fxg6 Qe6 45. Nf5+ Kxg6 46. Qd2 Kh7 47. Qg5 1-0

[Event "CHN-chT (Women)"]
[Site "Suzhou"]
[Date "2001.04.04"]
[Round "9"]
[White "Kuang, Yinghui"]
[Black "Liu, Shilan"]
[Result "1/2-1/2"]
[WhiteElo "2199"]
[BlackElo "2206"]
[PlyCount "33"]
[EventDate "2001.03.02"]
[EventType "team"]
[EventRounds "10"]
[EventCountry "CHN"]
[SourceTitle "EXT 2002"]
[Source "ChessBase"]
[SourceDate "2001.11.25"]
[SourceVersion "1"]
[SourceVersionDate "2001.11.25"]
[SourceQuality "1"]

1. e4 c5 2. Nf3 Nc6 3. d3 g6 4. g3 Bg7 5. Bg2 Nf6 6. 0-0 0-0 7. Nbd2 d5 8. Re1 b6 9. exd5 Nxd5 10. Nc4 Bb7 11. Nce5 Nxe5 12. Nxe5 Qc7 13. Qe2 Nb4 14. Nf3 e5 15. a3 Nc6 16. Bd2 Rad8 17. Bc3 1/2-1/2

[Event "CHN-chT (Women)"]
[Site "Suzhou"]
[Date "2001.03.30"]
[Round "5"]
[White "Zhao, Dindin"]
[Black "Liu, Shilan"]
[Result "0-1"]
[WhiteElo "2231"]
[BlackElo "2206"]
[PlyCount "64"]
[EventDate "2001.03.02"]
[EventType "team"]
[EventRounds "10"]
[EventCountry "CHN"]
[SourceTitle "EXT 2002"]
[Source "ChessBase"]
[SourceDate "2001.11.25"]
[SourceVersion "1"]
[SourceVersionDate "2001.11.25"]
[SourceQuality "1"]

1. e4 e5 2. Nf3 Nc6 3. Bb5 a6 4. Ba4 Nf6 5. 0-0 d6 6. c3 Be7 7. d4 0-0 8. dxe5 Nxe5 9. Nxe5 dxe5 10. Qf3 c6 11. h3 Be6 12. Be3 Qa5 13. Bc2 Rfd8 14. Nd2 Qc7 15. a4 c5 16. g4 Nd7 17. Kh1 c4 18. Rg1 Nc5 19. a5 b6 20. axb6 Qxb6 21. Rgb1 Qc6 22. Nf1 a5 23. Ng3 Nd3 24. Nf5 Bf8 25. Rg1 Nxb2 26. h4 a4 27. h5 a3 28. g5 Bxf5 29. Qxf5 Qc8 30. g6 hxg6 31. hxg6 Qxf5 32. exf5 Nd3 0-1

[Event "Olympiad Women-28"]
[Site "Thessaloniki"]
[Date "1988.11.26"]
[Round "12"]
[White "Voiska, Margarita"]
[Black "Liu, Shilan"]
[Result "1-0"]
[WhiteElo "2350"]
[BlackElo "2285"]
[PlyCount "108"]
[EventDate "1988.11.13"]
[EventType "team-swiss"]
[EventRounds "14"]
[EventCountry "GRE"]
[SourceTitle "EXT 2019"]
[Source "ChessBase"]
[SourceDate "2018.10.10"]
[SourceVersion "1"]
[SourceVersionDate "2018.10.10"]
[SourceQuality "1"]
[WhiteTeam "Bulgaria (W)"]
[BlackTeam "China (W)"]
[WhiteTeamCountry "BUL"]
[BlackTeamCountry "CHN"]

1. d4 Nf6 2. Nf3 e6 3. c4 Bb4+ 4. Bd2 Qe7 5. Nc3 0-0 6. g3 Bxc3 7. Bxc3 Ne4 8. Rc1 Nxc3 9. Rxc3 d6 10. Bg2 e5 11. 0-0 Bg4 12. c5 Nc6 13. cxd6 cxd6 14. d5 Bxf3 15. Bxf3 Nd4 16. Bg2 Nb5 17. Rc1 Rac8 18. Qb3 Nd4 19. Qd3 Qd7 20. e3 Nf5 21. Rxc8 Qxc8 22. Bh3 e4 23. Qb1 g6 24. Rc1 Qd7 25. Bg2 Rc8 26. Bxe4 Ne7 27. Bg2 a5 28. e4 b6 29. Rxc8+ Qxc8 30. Bf1 Qc5 31. Qd3 f5 32. exf5 Nxf5 33. Qc3 Nd4 34. Qxc5 dxc5 35. f4 Kf7 36. Kf2 Ke7 37. Ke3 Kd6 38. Ke4 h5 39. Bd3 Nf5 40. Bb5 Ne7 41. Be8 b5 42. Bxb5 Nxd5 43. Bc4 Nf6+ 44. Kf3 Ke7 45. h3 Nd7 46. Ke4 Nb6 47. Bb5 Kf6 48. b3 Ke6 49. Bc4+ Kf6 50. a4 h4 51. gxh4 Nxc4 52. bxc4 Ke7 53. h5 gxh5 54. h4 Kf6 1-0

[Event "Olympiad Women-28"]
[Site "Thessaloniki"]
[Date "1988.11.25"]
[Round "11"]
[White "Liu, Shilan"]
[Black "Maric, Alisa"]
[Result "0-1"]
[WhiteElo "2285"]
[BlackElo "2365"]
[PlyCount "128"]
[EventDate "1988.11.13"]
[EventType "team-swiss"]
[EventRounds "14"]
[EventCountry "GRE"]
[SourceTitle "EXT 2019"]
[Source "ChessBase"]
[SourceDate "2018.10.10"]
[SourceVersion "1"]
[SourceVersionDate "2018.10.10"]
[SourceQuality "1"]
[WhiteTeam "China (W)"]
[BlackTeam "Yugoslavia (W)"]
[WhiteTeamCountry "CHN"]
[BlackTeamCountry "YUG"]

1. e4 c5 2. Nf3 Nc6 3. d4 cxd4 4. Nxd4 Qc7 5. Nc3 e6 6. Be2 a6 7. 0-0 Nf6 8. Kh1 Be7 9. f4 d6 10. Be3 0-0 11. a4 Re8 12. Qe1 Nxd4 13. Bxd4 e5 14. fxe5 dxe5 15. Qg3 Bd8 16. Be3 Kh8 17. Rad1 Be6 18. Rd2 Be7 19. Bg5 Rad8 20. Rxd8 Rxd8 21. Qh4 Ng8 22. Bd3 h6 23. Bxe7 Nxe7 24. Qe1 Qa5 25. g3 Qb4 26. Qc1 Nc6 27. Be2 Qe7 28. Bf3 Nd4 29. Bg2 Qc5 30. Nd5 Qxc2 31. Qxc2 Nxc2 32. Rc1 Rc8 33. Kg1 Nd4 34. Rxc8+ Bxc8 35. Kf2 Bd7 36. Nb6 Bc6 37. Ke3 Kg8 38. Kd3 Kf8 39. Kc4 Ke7 40. Kc5 Ne6+ 41. Kb4 f6 42. Nc4 Kd7 43. Ne3 Ng5 44. Nf5 g6 45. Nh4 Bxe4 46. Bxe4 Nxe4 47. Nxg6 Ke6 48. Nh4 f5 49. Kc4 b6 50. b4 Nd2+ 51. Kd3 Nf1 52. Ng2 Nxh2 53. Ne3 Nf3 54. g4 e4+ 55. Ke2 Nd4+ 56. Kf2 f4 57. Nc4 b5 58. axb5 axb5 59. Nb2 Nc2 60. Nd1 Ke5 61. Nc3 e3+ 62. Kf3 Nd4+ 63. Kg2 f3+ 64. Kg3 e2 0-1

[Event "Olympiad Women-28"]
[Site "Thessaloniki"]
[Date "1988.11.22"]
[Round "9"]
[White "Amura, Claudia Noemi"]
[Black "Liu, Shilan"]
[Result "1/2-1/2"]
[WhiteElo "2220"]
[BlackElo "2285"]
[PlyCount "133"]
[EventDate "1988.11.13"]
[EventType "team-swiss"]
[EventRounds "14"]
[EventCountry "GRE"]
[SourceTitle "EXT 2019"]
[Source "ChessBase"]
[SourceDate "2018.10.10"]
[SourceVersion "1"]
[SourceVersionDate "2018.10.10"]
[SourceQuality "1"]
[WhiteTeam "Argentina (W)"]
[BlackTeam "China (W)"]
[WhiteTeamCountry "ARG"]
[BlackTeamCountry "CHN"]

1. d4 Nf6 2. c4 e6 3. Nc3 Bb4 4. Nf3 b6 5. Bg5 Bb7 6. e3 h6 7. Bh4 Bxc3+ 8. bxc3 d6 9. Nd2 Nbd7 10. f3 Qe7 11. Bd3 g5 12. Bf2 h5 13. Qa4 c5 14. Qc2 h4 15. h3 Nh5 16. Be4 0-0-0 17. Rb1 f5 18. Bxb7+ Kxb7 19. Qa4 Nb8 20. Qb5 e5 21. a4 Qe8 22. d5 Qxb5 23. cxb5 Kc7 24. Ke2 Nd7 25. Kd3 Rde8 26. c4 Ndf6 27. a5 e4+ 28. fxe4 Nxe4 29. Nxe4 fxe4+ 30. Ke2 bxa5 31. Ra1 Kb6 32. Ra3 Rhf8 33. Rha1 Ng3+ 34. Ke1 Ra8 35. Rxa5 Nf5 36. R1a3 Kb7 37. Bg1 Ne7 38. Bh2 Nc8 39. Ra6 Rf6 40. Be5 Rg6 41. Rc6 Nb6 42. Bxd6 Nxc4 43. Bxc5 Rg7 44. Ra4 Ne5 45. Rxe4 Nd3+ 46. Ke2 Nxc5 47. Rxc5 Kb6 48. Rec4 Rd8 49. e4 g4 50. Rc3 gxh3 51. gxh3 Rg3 52. Rc6+ Kxb5 53. Rxg3 hxg3 54. Rg6 Kc5 55. Rxg3 Kd4 56. Re3 Ke5 57. Kd3 Rb8 58. Kc4 a5 59. Rb3 Rc8+ 60. Kd3 Rh8 61. Rc3 Rxh3+ 62. Kc4 Rh8 63. Re3 Rb8 64. Kc5 a4 65. Ra3 Rc8+ 66. Kb6 Rc4 67. Kb5 1/2-1/2

[Event "Tuzla Interzonal (Women)"]
[Site "Tuzla"]
[Date "1987.??.??"]
[Round "14"]
[White "Hoiberg, Nina"]
[Black "Liu, Shilan"]
[Result "1-0"]
[WhiteElo "2295"]
[BlackElo "2335"]
[PlyCount "89"]
[EventDate "1987.07.??"]
[EventType "tourn"]
[EventRounds "17"]
[EventCountry "YUG"]
[EventCategory "10"]
[SourceTitle "EXT 1997"]
[Source "ChessBase"]
[SourceDate "1996.11.15"]
[SourceVersion "1"]
[SourceVersionDate "1996.11.15"]
[SourceQuality "1"]

1. e4 c5 2. Nf3 e6 3. d4 cxd4 4. Nxd4 Nf6 5. Nc3 d6 6. Bg5 h6 7. Bh4 Be7 8. f4 Nxe4 9. Bxe7 Nxc3 10. Bxd8 Nxd1 11. Bc7 Ne3 12. Bxd6 Bd7 13. Kf2 Nd5 14. Bc4 Nb6 15. Bb3 Na6 16. f5 0-0-0 17. fxe6 fxe6 18. Nxe6 Rde8 19. Nxg7 Re4 20. Rhe1 Rg4 21. Ne6 h5 22. Nc5 Nxc5 23. Bxc5 Rg5 24. Bxb6 axb6 25. Be6 Bxe6 26. Rxe6 Rhg8 27. g3 h4 28. Re3 b5 29. Rd1 Kc7 30. Rd4 h3 31. Rh4 Rf8+ 32. Rf3 Rd8 33. Rxh3 Rd2+ 34. Ke1 Rgd5 35. Rd3 R5xd3 36. cxd3 Rxb2 37. Rh6 Rxa2 38. h4 b4 39. Kd1 b3 40. Kc1 b6 41. h5 Kb7 42. Rg6 Ka6 43. Rg4 Rc2+ 44. Kb1 Ka5 45. h6 1-0

[Event "Tuzla Interzonal (Women)"]
[Site "Tuzla"]
[Date "1987.??.??"]
[Round "3"]
[White "Liu, Shilan"]
[Black "Canela, Teresa"]
[Result "0-1"]
[WhiteElo "2335"]
[BlackElo "2100"]
[PlyCount "132"]
[EventDate "1987.07.??"]
[EventType "tourn"]
[EventRounds "17"]
[EventCountry "YUG"]
[EventCategory "10"]
[SourceTitle "EXT 1997"]
[Source "ChessBase"]
[SourceDate "1996.11.15"]
[SourceVersion "1"]
[SourceVersionDate "1996.11.15"]
[SourceQuality "1"]

1. e4 c5 2. Nf3 Nc6 3. c3 d5 4. exd5 Qxd5 5. d4 e6 6. Be2 Nf6 7. Na3 Qd8 8. Nc2 Be7 9. 0-0 0-0 10. dxc5 Bxc5 11. Be3 Qb6 12. b4 Bxe3 13. Nxe3 Qc7 14. Qb3 e5 15. Bc4 e4 16. Nd4 Ne5 17. Be2 Bg4 18. Rfe1 Bxe2 19. Rxe2 Ng6 20. Rd1 Qf4 21. c4 Rad8 22. Red2 Rde8 23. c5 Ne5 24. Nf1 a6 25. Qg3 Qxg3 26. hxg3 g6 27. Ne3 Nfg4 28. Nxg4 Nxg4 29. Nc2 f5 30. a4 Re7 31. Ne3 Nxe3 32. fxe3 Rc8 33. a5 Kf7 34. Kf2 Rcc7 35. Rd4 Re6 36. Rh1 Ke8 37. Rh6 Ree7 38. g4 fxg4 39. Kg3 Rcd7 40. Rxd7 Kxd7 41. Kxg4 Kc6 42. Rh1 Kb5 43. Rb1 Rf7 44. Kg3 Kc4 45. Kg4 Kd3 46. Rc1 Kxe3 47. c6 Rc7 48. Re1+ Kd3 49. Rd1+ Ke2 50. Rd7 Rxc6 51. Rxh7 e3 52. Kg3 b6 53. b5 axb5 54. a6 Rc3 55. Re7 Ra3 56. a7 Ra4 57. Rb7 Kf1 58. Rf7+ Ke1 59. Kf3 e2 60. Re7 Kd1 61. Rxe2 Rxa7 62. Re6 Rb7 63. Rxg6 b4 64. Ke3 b3 65. Rd6+ Kc1 66. Rc6+ Kb1 0-1